| 000 | 00653nam a22001817a 4500 | ||
|---|---|---|---|
| 003 | AUA.1 | ||
| 005 | 20251027113558.0 | ||
| 008 | 250630b |||||||| |||| 00| 0 eng d | ||
| 040 | _cJTL | ||
| 100 | _aNuamah, Donkor | ||
| 245 |
_aAn exegetical study of 1 Corinthians 11:27-34 and its implications for participation at the Lord's Supper in the seventh-day Adventist church, Goaso, Ghana / _cDonkor Nuamah |
||
| 260 | _cc2023 | ||
| 300 |
_aviii, 108 leaves : _bIllustrations : _c30cm. |
||
| 610 |
_aSeventh-day Adventist Church _zGoaso, Ghana |
||
| 650 | _aLast Supper | ||
| 650 | _aLord's Supper | ||
| 942 |
_2aua _cTHESIS _hMDiv _i.N83 2023 |
||
| 999 |
_c25097 _d25097 |
||